Offshore Wind Farms :technologies,design and operation / (Record no. 170780)

MARC details
000 -LEADER
fixed length control field 01662cam a22003855i 4500
001 - CONTROL NUMBER
control field 21770159
003 - CONTROL NUMBER IDENTIFIER
control field OSt
005 - DATE AND TIME OF LATEST TRANSACTION
control field 20240222120449.0
008 - FIXED-LENGTH DATA ELEMENTS--GENERAL INFORMATION
fixed length control field 160304s2016 gw |||| o |||| 0|eng
020 ## - INTERNATIONAL STANDARD BOOK NUMBER
International Standard Book Number 9783319279725 (paperback)
040 ## - CATALOGING SOURCE
Original cataloging agency NUST
Language of cataloging eng
Description conventions rda
Transcribing agency NUST
Modifying agency NUST
050 ## - LIBRARY OF CONGRESS CALL NUMBER
Classification number TK1541 OFF
245 00 - TITLE STATEMENT
Title Offshore Wind Farms :technologies,design and operation /
Statement of responsibility, etc. edited byChong Ng, Li Ran.
260 ## - PUBLICATION, DISTRIBUTION, ETC.
Place of publication, distribution, etc. Amsterdam :
Name of publisher, distributor, etc. Elsevier,
Date of publication, distribution, etc. ©2016.
300 ## - PHYSICAL DESCRIPTION
Extent xvii, 634 pages :
Other physical details illustrations (some color)
Dimensions 24 cm.
336 ## - CONTENT TYPE
Content type term text
Content type code txt
Source rdacontent
337 ## - MEDIA TYPE
Media type term computer
Media type code c
Source rdamedia
338 ## - CARRIER TYPE
Carrier type term online resource
Carrier type code cr
Source rdacarrier
440 ## - SERIES STATEMENT/ADDED ENTRY--TITLE
Title Woodhead Publishing Serries in Energy
Volume/sequential designation Volume 92
504 ## - BIBLIOGRAPHY, ETC. NOTE
Bibliography, etc. note Includes bibliographical references and index.
650 #0 - SUBJECT ADDED ENTRY--TOPICAL TERM
Topical term or geographic name entry element Energy systems.
650 #0 - SUBJECT ADDED ENTRY--TOPICAL TERM
Topical term or geographic name entry element Environmental economics.
650 #0 - SUBJECT ADDED ENTRY--TOPICAL TERM
Topical term or geographic name entry element Freshwater.
650 #0 - SUBJECT ADDED ENTRY--TOPICAL TERM
Topical term or geographic name entry element Marine sciences.
650 #0 - SUBJECT ADDED ENTRY--TOPICAL TERM
Topical term or geographic name entry element Oceanography.
650 #0 - SUBJECT ADDED ENTRY--TOPICAL TERM
Topical term or geographic name entry element Renewable energy sources.
650 14 - SUBJECT ADDED ENTRY--TOPICAL TERM
Topical term or geographic name entry element Renewable and Green Energy.
Authority record control number or standard number https://scigraph.springernature.com/ontologies/product-market-codes/111000
650 24 - SUBJECT ADDED ENTRY--TOPICAL TERM
Topical term or geographic name entry element Energy Systems.
Authority record control number or standard number https://scigraph.springernature.com/ontologies/product-market-codes/115000
650 24 - SUBJECT ADDED ENTRY--TOPICAL TERM
Topical term or geographic name entry element Environmental Economics.
Authority record control number or standard number https://scigraph.springernature.com/ontologies/product-market-codes/W48000
650 24 - SUBJECT ADDED ENTRY--TOPICAL TERM
Topical term or geographic name entry element Marine & Freshwater Sciences.
Authority record control number or standard number https://scigraph.springernature.com/ontologies/product-market-codes/U36000
650 24 - SUBJECT ADDED ENTRY--TOPICAL TERM
Topical term or geographic name entry element Oceanography.
Authority record control number or standard number https://scigraph.springernature.com/ontologies/product-market-codes/G25005
700 1# - ADDED ENTRY--PERSONAL NAME
Personal name Ng, Chong
Relator term Editor.
700 1# - ADDED ENTRY--PERSONAL NAME
Personal name Ran, Li
Relator term Editor.
942 ## - ADDED ENTRY ELEMENTS (KOHA)
Source of classification or shelving scheme Library of Congress Classification
Koha item type Ordinary Loan Books
Classification part TK1541
Call number prefix TK
Call number suffix OFF
Suppress in OPAC No
Holdings
Withdrawn status Lost status Source of classification or shelving scheme Damaged status Not for loan Collection Home library Current library Shelving location Date acquired Source of acquisition Cost, normal purchase price Total Checkouts Full call number Barcode Date last seen Accession number Cost, replacement price Price effective from Koha item type Public note
    LCC     NFIC MAIN MAIN GEN 01/31/2023 Book Aid International 300.00   TK1541 OFF 92004052875 02/08/2024 59803 300.00 01/31/2023 BOOKS Donation